[Event "XXVII Coppa"]
[Site "Cagliari ITA"]
[Date "2000.11.19"]
[Round "4"]
[White "Sanfilippo, Carlo"]
[Black "Scarteddu, Marco"]
[Result "0-1"]
[WhiteElo "1617"]
[BlackElo "1636"]
[PlyCount "100"]
[EventDate "2000.11.18"]

1. e4 d6 2. d4 Nf6 3. Nc3 g6 4. Nf3 Bg7 5. Be3 Ng4 6. Qd2 c6 7. h3 Nxe3 8. fxe3
Qc7 9. Bd3 e5 10. Qf2 O-O 11. Qh4 b5 12. Kd2 Qd8 13. Qxd8 Rxd8 14. Raf1 a6 15.
a3 Ra7 16. Rf2 Rf8 17. Rhf1 Re7 18. Ne2 c5 19. c4 Bd7 20. cxb5 axb5 21. b3 Na6
22. a4 Nc7 23. axb5 Nxb5 24. dxc5 dxc5 25. Bc4 Nd6 26. Bd5 Be6 27. Nc3 Bxd5 28.
exd5 e4 29. Nh2 Bxc3+ 30. Kxc3 f5 31. Ra1 Re5 32. Rd2 h5 33. Ra6 Rd8 34. Rc6
Nb7 35. Rxg6+ Kh7 36. Re6 Rxe6 37. dxe6 Rxd2 38. Kxd2 Nd6 39. Nf1 h4 40. Kc3
Kg6 41. Nd2 Kf6 42. Nc4 Kxe6 43. Nxd6 Kxd6 44. b4 cxb4+ 45. Kxb4 Ke5 46. Kc3 f4
47. Kd2 fxe3+ 48. Kxe3 Kf5 49. g4+ hxg3 50. h4 Kg4 0-1

[Event "XXVII Coppa"]
[Site "Cagliari ITA"]
[Date "2000.11.25"]
[Round "5"]
[White "Cerioni, Armando"]
[Black "Cirina, Gianluca"]
[Result "0-1"]
[WhiteElo "1500"]
[BlackElo "1690"]
[PlyCount "100"]
[EventDate "2000.11.18"]

1. e4 c5 2. Nf3 d6 3. d4 cxd4 4. Nxd4 Nf6 5. Nc3 g6 6. Bc4 Bg7 7. Be3 Nc6 8. f3
O-O 9. Qd2 Bd7 10. h4 Qa5 11. Nb3 Qc7 12. g4 Ne5 13. Be2 Rfc8 14. g5 Nh5 15.
O-O-O Be6 16. Rhg1 a6 17. Nd5 Bxd5 18. exd5 Nc4 19. Bxc4 Qxc4 20. Rg4 Qc7 21.
Bd4 a5 22. a3 a4 23. Na1 Ra6 24. Re1 Re8 25. Bxg7 Nxg7 26. Qe2 Qc5 27. Re4 Nf5
28. Qc4 Rc8 29. Qxc5 Rxc5 30. Rd1 Ra8 31. Rd3 Kg7 32. b4 axb3 33. Nxb3 Rc7 34.
Kb2 Rac8 35. Rd2 Rc3 36. f4 Nxh4 37. Rxe7 b5 38. Rb7 R3c4 39. Nd4 Nf5 40. Nxf5+
gxf5 41. Rxb5 Rxf4 42. Rg2 Rfc4 43. Rb6 Rd8 44. Rb4 Rc5 45. c4 Rdc8 46. Kb3 Kg6
47. Rb6 Rxc4 48. Rxd6+ Kg7 49. a4 Rc1 50. Ra2 Rb8+ 0-1

[Event "XXVII Coppa"]
[Site "Cagliari ITA"]
[Date "2000.11.25"]
[Round "5"]
[White "Ibba, Isacco"]
[Black "Foddai, Aldo"]
[Result "1-0"]
[WhiteElo "1855"]
[BlackElo "1612"]
[PlyCount "67"]
[EventDate "2000.11.18"]

1. e4 c5 2. Nf3 Nc6 3. d4 cxd4 4. c3 d6 5. cxd4 Nf6 6. Nc3 e6 7. Bb5 a6 8. Ba4
b5 9. Bc2 Be7 10. Be3 Bb7 11. a3 Rc8 12. O-O O-O 13. Qe2 Qc7 14. Rac1 Ng4 15.
d5 Na5 16. Nd4 Nxe3 17. fxe3 e5 18. Nf5 g6 19. Qg4 Rb8 20. Bd3 Qd8 21. b4 Nc4
22. Bxc4 bxc4 23. Ne2 Bc8 24. Rf3 Bxf5 25. exf5 Qd7 26. Qg3 Rfc8 27. Nc3 Bf8
28. Ne4 Bg7 29. f6 Bh8 30. Qg5 h5 31. Rg3 Kh7 32. Rf1 c3 33. Rh3 Qg4 34. Qxg4
1-0

[Event "XXVII Coppa"]
[Site "Cagliari ITA"]
[Date "2000.11.25"]
[Round "5"]
[White "Lai, Luca"]
[Black "Defend, Guerrino"]
[Result "0-1"]
[WhiteElo "1470"]
[BlackElo "1900"]
[PlyCount "56"]
[EventDate "2000.11.18"]

1. e4 g6 2. d4 Bg7 3. c3 d5 4. e5 Nh6 5. Bd3 O-O 6. Ne2 Bf5 7. O-O e6 8. Bf4
Bxd3 9. Qxd3 Nf5 10. Ng3 Nxg3 11. Qxg3 Nd7 12. Be3 c5 13. f4 Qb6 14. Rf2 Qc7
15. f5 exf5 16. Rxf5 f6 17. Rf2 fxe5 18. Nd2 Qb6 19. b4 exd4 20. bxc5 Qb2 21.
Nb3 Qxc3 22. Bxd4 Bxd4 23. Qxc3 Bxc3 24. Rd1 Nf6 25. a3 Rad8 26. Re2 Ne4 27.
Re3 Bg7 28. Nc1 Nxc5 0-1

[Event "XXVII Coppa"]
[Site "Cagliari ITA"]
[Date "2000.11.25"]
[Round "5"]
[White "Loi, Francesco"]
[Black "Putzolu, Marcello"]
[Result "0-1"]
[WhiteElo "1395"]
[BlackElo "1564"]
[PlyCount "92"]
[EventDate "2000.11.18"]

1. d4 Nf6 2. Nf3 c5 3. c3 cxd4 4. cxd4 d5 5. Nc3 Bg4 6. Bg5 e6 7. e4 dxe4 8.
Nxe4 Qa5+ 9. Bd2 Bb4 10. Nd6+ Ke7 11. Ne4 Bxd2+ 12. Nexd2 Ne4 13. Be2 Nc6 14.
O-O Nxd2 15. Nxd2 Bxe2 16. Nb3 Bxd1 17. Nxa5 Nxa5 18. Rfxd1 Rad8 19. b3 Nc6 20.
Rac1 Rd7 21. Rc4 Rhd8 22. d5 Rxd5 23. Rxd5 exd5 24. Rc1 d4 25. Kf1 d3 26. Rd1
d2 27. f3 Nb4 28. a4 Na2 29. Ra1 d1=Q+ 30. Rxd1 Rxd1+ 31. Ke2 Rb1 32. g4 Rxb3
33. h4 Ke6 34. Kf2 Ke5 35. Kg3 Rb2 36. f4+ Ke4 37. g5 Nc3 38. h5 Ne2+ 39. Kg4
Rb3 40. h6 g6 41. a5 Rg3+ 42. Kh4 Rg1 43. a6 Kxf4 44. Kh3 Kf3 45. Kh2 Rg2+ 46.
Kh3 Nf4+ 0-1

[Event "XXVII Coppa"]
[Site "Cagliari ITA"]
[Date "2000.11.25"]
[Round "5"]
[White "Ponti, Mario"]
[Black "Perra, Marco"]
[Result "1-0"]
[WhiteElo "1549"]
[BlackElo "1500"]
[PlyCount "103"]
[EventDate "2000.11.18"]

1. d4 d5 2. c4 c6 3. Nc3 h6 4. e4 Nf6 5. e5 Ne4 6. Qc2 Bf5 7. Bd3 e6 8. Be3 Na6
9. a3 Qa5 10. Qa4 Qxa4 11. Nxa4 Nxf2 12. Bxf5 Nxh1 13. Bd3 dxc4 14. Bxc4 b5 15.
Bd3 bxa4 16. Bxa6 Rb8 17. O-O-O Be7 18. Bc4 Bg5 19. Bxg5 hxg5 20. Nh3 g4 21.
Rxh1 gxh3 22. g3 Rh5 23. g4 Rh8 24. Rg1 Rd8 25. Rd1 Rh4 26. Be2 Rb8 27. Rg1 Rb3
28. Kc2 Ke7 29. Bc4 Re3 30. Kd2 Re4 31. Be2 Rxd4+ 32. Ke3 Rd5 33. Kf4 Rd2 34.
Kg3 Rh8 35. Bf3 c5 36. Rc1 Rc8 37. Rc4 Rd4 38. Rc3 c4 39. Be2 Rd2 40. Bxc4 Rxb2
41. Kh4 Rh8+ 42. Kg3 Rg2+ 43. Kf3 Rxh2 44. Bb5 Rd2 45. Ke3 Rhd8 46. Bxa4 h2 47.
Rc7+ Kf8 48. Rc1 R8d3+ 49. Kf4 Rf2+ 50. Ke4 Rh3 51. Rc8+ Ke7 52. Re8# 1-0

[Event "XXVII Coppa"]
[Site "Cagliari ITA"]
[Date "2000.11.25"]
[Round "5"]
[White "Scarteddu, Marco"]
[Black "Abis, Roberto"]
[Result "0-1"]
[WhiteElo "1636"]
[BlackElo "1623"]
[PlyCount "94"]
[EventDate "2000.11.18"]

1. d4 c5 2. e3 e6 3. Nf3 Nf6 4. c4 g6 5. Bd3 Bg7 6. O-O cxd4 7. exd4 O-O 8. Re1
d6 9. Nbd2 Nc6 10. a3 Qb6 11. Nb3 Nd7 12. Be3 Na5 13. Nxa5 Qxa5 14. b4 Qd8 15.
Rb1 a5 16. h4 e5 17. Qc2 exd4 18. Nxd4 Qxh4 19. Nf3 Qh5 20. Bf4 Ne5 21. Be4 Qg4
22. Bd2 Bf5 23. Nh2 Bxe4 24. Rxe4 Qf5 25. bxa5 Rae8 26. Rbe1 Rc8 27. f4 Nxc4
28. Qa2 Nxd2 29. Qxd2 Bc3 30. Qxd6 Bxe1 31. Rxe1 Qc5+ 32. Qxc5 Rxc5 33. Rb1 Rb8
34. a6 Ra5 35. axb7 Rxa3 36. Nf3 Ra7 37. Ng5 Raxb7 38. Rf1 Rb1 39. Nh3 R8b2 40.
Nf2 Rxf1+ 41. Kxf1 h5 42. Kg1 Kg7 43. g3 Kf6 44. Kg2 Kf5 45. Kf3 Rb3+ 46. Kg2
h4 47. gxh4 Kxf4 0-1

[Event "XXVII Coppa"]
[Site "Cagliari ITA"]
[Date "2000.11.25"]
[Round "5"]
[White "Seu, Fabio"]
[Black "Manca, Antonio"]
[Result "1-0"]
[WhiteElo "1419"]
[BlackElo "1428"]
[PlyCount "59"]
[EventDate "2000.11.18"]

1. e4 e6 2. d4 d5 3. e5 Bd7 4. c3 c5 5. Nf3 Nc6 6. Be3 c4 7. Be2 Nge7 8. Bg5
Qb6 9. Qc2 Nf5 10. O-O h6 11. Bh4 Be7 12. Bxe7 Ncxe7 13. Nbd2 O-O 14. g4 Qd8
15. gxf5 Nxf5 16. b3 b5 17. bxc4 bxc4 18. Rab1 f6 19. Kh1 Be8 20. Rg1 Bh5 21.
Bf1 fxe5 22. Nxe5 Nh4 23. Rb7 g6 24. Nxg6 Rf7 25. Ne5+ Kf8 26. Rxf7+ Bxf7 27.
Nxf7 Kxf7 28. Qh7+ Kf6 29. Qxh6+ Kf5 30. Bh3# 1-0

[Event "XXVII Coppa"]
[Site "Cagliari ITA"]
[Date "2000.11.25"]
[Round "5"]
[White "Sforza, Franco"]
[Black "Caredda, Giuseppe"]
[Result "0-1"]
[WhiteElo "1567"]
[BlackElo "1558"]
[PlyCount "76"]
[EventDate "2000.11.18"]

1. d4 d5 2. c4 dxc4 3. Nc3 Nf6 4. e3 e6 5. Bxc4 b6 6. Nf3 Nbd7 7. Bd2 Bb7 8.
O-O Be7 9. Rc1 Rc8 10. Re1 c5 11. h3 cxd4 12. exd4 Rxc4 13. Be3 O-O 14. Nd2 Rc6
15. Nf1 a6 16. Nh2 Qc7 17. Ng4 Rc8 18. a3 Nxg4 19. Qxg4 Nf6 20. Qd1 b5 21. Qd2
b4 22. axb4 Bxb4 23. Bf4 Bxc3 24. bxc3 Qa5 25. Re5 Qa3 26. Re3 Rc4 27. Qe1 Nd5
28. Rf3 Nxc3 29. Bd2 Bxf3 30. gxf3 a5 31. Kg2 a4 32. Ra1 Qb4 33. Qe5 a3 34. Kh2
Qb2 35. Rg1 g6 36. Bh6 Qxf2+ 37. Rg2 Qxd4 38. Qg3 Qh4 0-1

[Event "XXVII Coppa"]
[Site "Cagliari ITA"]
[Date "2000.11.25"]
[Round "5"]
[White "Sitzia, Carlo"]
[Black "Unterreitmeir, Max"]
[Result "0-1"]
[WhiteElo "1482"]
[BlackElo "1563"]
[PlyCount "100"]
[EventDate "2000.11.18"]

1. e4 e5 2. Nf3 Nc6 3. d4 exd4 4. Nxd4 Bc5 5. Nb3 Bb6 6. Nc3 a6 7. Bd3 d6 8.
Qe2 Nge7 9. Be3 Bxe3 10. Qxe3 O-O 11. O-O-O Be6 12. Nd4 Nxd4 13. Qxd4 c5 14.
Qe3 b5 15. b3 Qa5 16. Qd2 Rfd8 17. Qe1 Qa3+ 18. Kd2 c4 19. Bf1 d5 20. Ke2 d4
21. Nb1 Qxa2 22. Rd2 c3 23. Nxc3 dxc3 24. Rxd8+ Rxd8 25. Qxc3 Rc8 26. Qd3 Rxc2+
27. Ke3 Qxb3 28. Qxb3 Bxb3 29. Bd3 Rc7 30. Ra1 Ra7 31. Bxb5 Ng6 32. Rxa6 Rxa6
33. Bxa6 Ne5 34. h3 f6 35. f4 Nf7 36. g4 g5 37. fxg5 Nxg5 38. h4 Nf7 39. Bb7 h6
40. Bd5 Bxd5 41. exd5 Ne5 42. Kf4 Ng6+ 43. Kf5 Kf7 44. d6 Nxh4+ 45. Ke4 Ke6 46.
Kf4 Kxd6 47. Kg3 Ng6 48. Kf3 Kd5 49. Kg3 Ke4 50. Kh3 Kf3 0-1

[Event "XXVII Coppa"]
[Site "Cagliari ITA"]
[Date "2000.11.25"]
[Round "6"]
[White "Abis, Roberto"]
[Black "Ibba, Isacco"]
[Result "1/2-1/2"]
[WhiteElo "1623"]
[BlackElo "1855"]
[PlyCount "68"]
[EventDate "2000.11.18"]

1. e4 d5 2. exd5 Qxd5 3. Nc3 Qa5 4. d4 Nf6 5. Bd2 c6 6. Nf3 Bg4 7. Be2 e6 8.
Ne4 Qc7 9. Nxf6+ gxf6 10. g3 Nd7 11. Bf4 Qa5+ 12. Qd2 Qh5 13. Nh4 Qd5 14. f3 e5
15. c4 Qd6 16. fxg4 exf4 17. Nf5 Qc7 18. gxf4 O-O-O 19. O-O-O Nc5 20. Qe3 Ne6
21. Rhf1 h5 22. Kb1 hxg4 23. Bxg4 Rxh2 24. d5 cxd5 25. Qxa7 Bc5 26. Qa8+ Qb8
27. Qxb8+ Kxb8 28. cxd5 Nc7 29. d6 Nb5 30. d7 Ba3 31. bxa3 Nxa3+ 32. Ka1 Nc2+
33. Kb1 Na3+ 34. Ka1 Nc2+ 1/2-1/2

[Event "XXVII Coppa"]
[Site "Cagliari ITA"]
[Date "2000.11.25"]
[Round "6"]
[White "Caredda, Giuseppe"]
[Black "Unterreitmeir, Max"]
[Result "1-0"]
[WhiteElo "1558"]
[BlackElo "1563"]
[PlyCount "41"]
[EventDate "2000.11.18"]

1. d4 f5 2. g3 Nf6 3. Nc3 d5 4. Bg2 e6 5. Bg5 Be7 6. Nf3 h6 7. Bf4 O-O 8. Ne5
Bd6 9. Qd2 Ne4 10. Nxe4 fxe4 11. Ng6 Qf6 12. Nxf8 Qxf8 13. Bxd6 Qxd6 14. O-O
Nc6 15. f3 exf3 16. Rxf3 e5 17. dxe5 Nxe5 18. Rff1 Be6 19. Rad1 Nc4 20. Qd4 c5
21. Qxc4 1-0

[Event "XXVII Coppa"]
[Site "Cagliari ITA"]
[Date "2000.11.25"]
[Round "6"]
[White "Collu, Silvano"]
[Black "Putzolu, Marcello"]
[Result "0-1"]
[WhiteElo "1452"]
[BlackElo "1564"]
[PlyCount "126"]
[EventDate "2000.11.18"]

1. Nf3 c5 2. c4 d5 3. cxd5 Nf6 4. d4 cxd4 5. Qxd4 Qxd5 6. Nc3 Qxd4 7. Nxd4 e5
8. Ndb5 Na6 9. e4 Bb4 10. f3 Bd7 11. a3 Be7 12. b4 Rc8 13. Bb2 Nc7 14. Nxa7 Ra8
15. Ncb5 Nxb5 16. Nxb5 O-O 17. Bxe5 Rfc8 18. Nd4 Rxa3 19. Rb1 Ra2 20. Be2 Bxb4+
21. Rxb4 Rc1+ 22. Bd1 Rxd1+ 23. Kxd1 Ra1+ 24. Ke2 Rxh1 25. Rxb7 Be8 26. Nf5 Nd7
27. Bg3 Ra1 28. Nd6 Ra2+ 29. Kf1 Ra1+ 30. Kf2 Ra2+ 31. Ke3 Ra3+ 32. Kd4 Ra4+
33. Kc3 Kf8 34. Nxe8 Kxe8 35. Bd6 f6 36. Rb4 Ra1 37. Rb2 Ra6 38. Rd2 Rc6+ 39.
Kb4 Rc1 40. f4 Re1 41. e5 Re4+ 42. Kb5 fxe5 43. fxe5 Nxe5 44. Rd5 Nf7 45. Rd2
Nxd6+ 46. Rxd6 Re2 47. g4 Rxh2 48. Rd4 Kf7 49. Rd7+ Kf6 50. Rd5 Rg2 51. Rf5+
Kg6 52. Rf4 h6 53. Kc5 Kg5 54. Rf7 g6 55. Rg7 Rxg4 56. Kd5 h5 57. Re7 h4 58.
Re2 h3 59. Ke5 Rg2 60. Re1 h2 61. Rh1 Kg4 62. Ke4 Kg3 63. Ke3 Rg1 0-1

[Event "XXVII Coppa"]
[Site "Cagliari ITA"]
[Date "2000.11.25"]
[Round "6"]
[White "Defend, Guerrino"]
[Black "Cirina, Gianluca"]
[Result "0-1"]
[WhiteElo "1900"]
[BlackElo "1690"]
[PlyCount "80"]
[EventDate "2000.11.18"]

1. d4 Nf6 2. Nf3 g6 3. Bf4 Bg7 4. e3 O-O 5. c4 c5 6. Be2 d6 7. Nc3 Na6 8. O-O
Bd7 9. Qd2 Nh5 10. Bg5 h6 11. Bh4 g5 12. Bg3 Qe8 13. d5 f5 14. h3 Nxg3 15. fxg3
Qg6 16. Nh2 Be5 17. g4 fxg4 18. Bxg4 Bxg4 19. Nxg4 Bg3 20. Ne2 Bh4 21. g3 h5
22. Nh2 g4 23. Nf4 Rxf4 24. exf4 gxh3 25. Qe2 Bxg3 26. Kh1 Kf7 27. Rg1 h4 28.
f5 Qh6 29. Ng4 Qh8 30. Qe6+ Ke8 31. f6 Kd8 32. Qxe7+ Kc8 33. f7 Nb4 34. Qe8+
Kc7 35. Qe7+ Kb6 36. Qxd6+ Bxd6 37. Rae1 Rf8 38. Rgf1 Qxb2 39. Rf2 Qg7 40. Re6
Qa1+ 0-1

[Event "XXVII Coppa"]
[Site "Cagliari ITA"]
[Date "2000.11.25"]
[Round "6"]
[White "Lai, Luca"]
[Black "Enis, Aldo"]
[Result "0-1"]
[WhiteElo "1470"]
[BlackElo "1516"]
[PlyCount "26"]
[EventDate "2000.11.18"]

1. e4 e5 2. f4 Bc5 3. Nf3 d6 4. Bc4 Nf6 5. Nc3 Nc6 6. d3 a6 7. a3 O-O 8. Bd2
Ng4 9. Rf1 Nd4 10. f5 Nxh2 11. Rh1 Ndxf3+ 12. Ke2 Nd4+ 13. Ke1 Qh4+ 0-1

[Event "XXVII Coppa"]
[Site "Cagliari ITA"]
[Date "2000.11.25"]
[Round "6"]
[White "Manca, Antonio"]
[Black "Sitzia, Carlo"]
[Result "0-1"]
[WhiteElo "1428"]
[BlackElo "1482"]
[PlyCount "76"]
[EventDate "2000.11.18"]

1. e4 e5 2. Nf3 Nc6 3. c3 Nf6 4. Bb5 a6 5. Bxc6 bxc6 6. Nxe5 Nxe4 7. O-O Nf6 8.
Re1 Be7 9. Qb3 O-O 10. d4 a5 11. Bf4 a4 12. Qc2 Bb7 13. Nd2 d6 14. Nef3 Re8 15.
Ng5 Qd7 16. Bg3 h6 17. Ngf3 Nh5 18. Bh4 Bxh4 19. Nxh4 c5 20. Qf5 Qxf5 21. Nxf5
Nf4 22. f3 Nd3 23. Rxe8+ Rxe8 24. h3 Nxb2 25. a3 Nd3 26. dxc5 Nxc5 27. Nc4 Re6
28. Rb1 Rf6 29. Nh4 Rf4 30. g3 Rxc4 31. Rc1 Bc8 32. g4 Bb7 33. Ng2 Bxf3 34. Ne3
Re4 35. Kf2 Bxg4 36. Kg3 Bd7 37. Nd5 c6 38. Ne7+ Rxe7 0-1

[Event "XXVII Coppa"]
[Site "Cagliari ITA"]
[Date "2000.11.25"]
[Round "6"]
[White "Perra, Marco"]
[Black "Sforza, Franco"]
[Result "1/2-1/2"]
[WhiteElo "1500"]
[BlackElo "1567"]
[PlyCount "102"]
[EventDate "2000.11.18"]

1. e4 e6 2. d4 d5 3. e5 c5 4. Nf3 Nd7 5. c3 c4 6. b3 b5 7. b4 a6 8. a4 Bb7 9.
a5 h6 10. Bf4 Be7 11. Be2 Nf8 12. Qc1 Ng6 13. Bg3 Kd7 14. Na3 Bc6 15. h3 Qe8
16. Nc2 f6 17. Ne3 f5 18. Nxf5 exf5 19. e6+ Kd8 20. Ne5 Nxe5 21. Bxe5 Bf6 22.
Qf4 Qxe6 23. Bc7+ Ke7 24. O-O g6 25. Rfe1 Kf7 26. Bf3 Qd7 27. Re2 Ne7 28. Rae1
Rae8 29. Bb6 Bg5 30. Qe5 Bf6 31. Qe6+ Qxe6 32. Rxe6 Bd7 33. Rd6 Bc8 34. Bc5 Bb7
35. Ree6 Ng8 36. Rxe8 Kxe8 37. Rb6 Bc8 38. Bxd5 Ne7 39. Bc6+ Nxc6 40. Rxc6 Kf7
41. Rc7+ Ke6 42. Bb6 Kd5 43. f3 Kd6 44. Rc5 Re8 45. Kf1 Ke6 46. Bc7 Be7 47.
Rc6+ Kf7 48. Be5 Rd8 49. f4 h5 50. Kf2 Bb7 51. Rc7 Bc8 1/2-1/2

[Event "XXVII Coppa"]
[Site "Cagliari ITA"]
[Date "2000.11.25"]
[Round "6"]
[White "Sanfilippo, Carlo"]
[Black "Cerioni, Armando"]
[Result "1-0"]
[WhiteElo "1617"]
[BlackElo "1500"]
[PlyCount "65"]
[EventDate "2000.11.18"]

1. e4 c5 2. Nf3 d6 3. d4 Nf6 4. Bd3 cxd4 5. c3 dxc3 6. Nxc3 Nc6 7. h3 e6 8. O-O
Be7 9. Be3 a6 10. Rc1 Bd7 11. a3 Rc8 12. Qb3 Na5 13. Qa2 b5 14. e5 dxe5 15.
Nxe5 Bd6 16. f4 Nc6 17. Nxd7 Nxd7 18. Ne4 Qe7 19. Nxd6+ Qxd6 20. Rfd1 Qb8 21.
Be4 Ne7 22. Rxc8+ Qxc8 23. Rc1 Qb8 24. Qb1 Nf6 25. Bf3 O-O 26. Bc5 Re8 27. Bxe7
Rxe7 28. Rc6 Qa7+ 29. Kf1 Rc7 30. Qd3 Qb8 31. Rxa6 Rc1+ 32. Ke2 g6 33. Ra8 1-0

[Event "XXVII Coppa"]
[Site "Cagliari ITA"]
[Date "2000.11.25"]
[Round "6"]
[White "Scarteddu, Marco"]
[Black "Ponti, Mario"]
[Result "1-0"]
[WhiteElo "1636"]
[BlackElo "1549"]
[PlyCount "101"]
[EventDate "2000.11.18"]

1. d4 Nf6 2. Nf3 c6 3. c4 e6 4. a3 Be7 5. Nc3 d5 6. e3 O-O 7. Bd3 Nbd7 8. O-O
b6 9. b4 Bb7 10. c5 a5 11. Rb1 axb4 12. axb4 bxc5 13. bxc5 Qc7 14. Nd2 e5 15.
f3 g6 16. Nb3 Ba6 17. Rf2 Nh5 18. g4 Ng7 19. f4 e4 20. Bxa6 Rxa6 21. Rfb2 Rb8
22. Bd2 Qc8 23. Be1 Nf6 24. h3 Bd8 25. Kg2 h5 26. g5 Nh7 27. h4 f6 28. Na2 Ra7
29. Nac1 Rf7 30. Bg3 Nf5 31. Qe1 Nxg3 32. Qxg3 fxg5 33. hxg5 Rf5 34. Kh1 Rb7
35. Rg2 Rbf7 36. Rbb2 Nxg5 37. Rbf2 Rh7 38. fxg5 Rxg5 39. Qf4 Qh3+ 40. Rh2 Qf5
41. Qd6 Bc7 42. Rxf5 Bxd6 43. Rxg5 Bxh2 44. Kxh2 Kf7 45. Na5 Kf6 46. Re5 Rg7
47. Ncb3 Rd7 48. Kg3 Rc7 49. Re8 Kf7 50. Rh8 Ke6 51. Kh4 1-0

[Event "XXVII Coppa"]
[Site "Cagliari ITA"]
[Date "2000.11.26"]
[Round "7"]
[White "Cirina, Gianluca"]
[Black "Foddai, Aldo"]
[Result "1/2-1/2"]
[WhiteElo "1690"]
[BlackElo "1612"]
[PlyCount "68"]
[EventDate "2000.11.18"]

1. e4 c5 2. Nf3 d6 3. d4 cxd4 4. Nxd4 Nc6 5. Nc3 Nf6 6. Bc4 e6 7. Bb3 Be7 8.
Be3 Na5 9. O-O b6 10. f4 Bb7 11. Ba4+ Kf8 12. Qe2 a6 13. e5 Nd5 14. Nxd5 Bxd5
15. Bb3 Nxb3 16. axb3 Bb7 17. Rad1 g6 18. Qg4 h5 19. Qh3 Be4 20. Qg3 Bh4 21.
Qh3 d5 22. Nf3 Be7 23. c4 Rc8 24. Ng5 Bf5 25. Qg3 Bc2 26. Ra1 Bxb3 27. cxd5
Bxd5 28. Qf2 Bc5 29. Bxc5+ bxc5 30. Rfc1 Kg7 31. Rxa6 Qe7 32. Rca1 Ra8 33. Qc2
Rxa6 34. Rxa6 Qb7 1/2-1/2

[Event "XXVII Coppa"]
[Site "Cagliari ITA"]
[Date "2000.11.26"]
[Round "7"]
[White "Ibba, Isacco"]
[Black "Scarteddu, Marco"]
[Result "1-0"]
[WhiteElo "1855"]
[BlackElo "1636"]
[PlyCount "45"]
[EventDate "2000.11.18"]

1. e4 e5 2. f4 exf4 3. Bc4 Nf6 4. Nf3 d5 5. exd5 Nxd5 6. O-O Be7 7. Nc3 c6 8.
d4 O-O 9. Ne5 Be6 10. Bd3 Nd7 11. Nxd5 cxd5 12. Bxf4 Nf6 13. Qf3 Qb6 14. c3 h5
15. Bg5 Bg4 16. Nxg4 hxg4 17. Qf5 g6 18. Qe5 Rae8 19. Bxf6 Bd6 20. Qg5 Qc7 21.
Bxg6 Bxh2+ 22. Kh1 Bg3 23. Bh7+ 1-0

[Event "XXVII Coppa"]
[Site "Cagliari ITA"]
[Date "2000.11.26"]
[Round "7"]
[White "Ponti, Mario"]
[Black "Loi, Francesco"]
[Result "1-0"]
[WhiteElo "1549"]
[BlackElo "1395"]
[PlyCount "103"]
[EventDate "2000.11.18"]

1. e4 e5 2. Nf3 Nc6 3. Bc4 Bc5 4. c3 Nf6 5. d3 O-O 6. a3 a5 7. Ba2 Ng4 8. O-O
d6 9. b4 axb4 10. axb4 Ba7 11. h3 Nf6 12. Qb3 b5 13. Re1 Be6 14. c4 Nd7 15. Qc3
Nd4 16. Be3 Nxf3+ 17. gxf3 Bxe3 18. fxe3 Qh4 19. Qd2 Bxh3 20. Qf2 Qg5+ 21. Kh2
Be6 22. Nc3 c6 23. Qg3 Qh6+ 24. Kg2 Ra3 25. Rac1 Kh8 26. Kf2 f5 27. Rh1 Qf6 28.
Ke2 f4 29. Qh4 Qxh4 30. Rxh4 Rf6 31. Rc2 Rg6 32. Rh2 Nb6 33. Nb1 Ra4 34. Nc3
Rxb4 35. cxb5 cxb5 36. Bxe6 Rxe6 37. Nd5 Re8 38. Nxb4 h6 39. exf4 exf4 40. Rh5
Kh7 41. Rxb5 Nd7 42. Nd5 Re6 43. Rc7 Ne5 44. Nxf4 Rf6 45. Ke3 Nf7 46. Nh5 Kg6
47. Nxf6 gxf6 48. Rbb7 Ne5 49. d4 Nxf3 50. Kxf3 h5 51. Rg7+ Kh6 52. Rh7+ 1-0

[Event "XXVII Coppa"]
[Site "Cagliari ITA"]
[Date "2000.11.26"]
[Round "7"]
[White "Putzolu, Marcello"]
[Black "Defend, Guerrino"]
[Result "0-1"]
[WhiteElo "1564"]
[BlackElo "1900"]
[PlyCount "91"]
[EventDate "2000.11.18"]

1. e4 g6 2. Bc4 Bg7 3. Qf3 e6 4. Nh3 c6 5. d4 Bxd4 6. O-O Qf6 7. Qa3 h6 8. c3
Bb6 9. Be3 Bxe3 10. fxe3 Qe7 11. Qb3 Qc5 12. Rf3 g5 13. Nf2 Ne7 14. Ng4 Ng6 15.
Nd2 h5 16. Nf6+ Ke7 17. Re1 b5 18. Bf1 Ne5 19. Rf2 a5 20. c4 a4 21. Qc2 Na6 22.
Qc3 Bb7 23. b3 Rh6 24. Nf3 Rxf6 25. Nxe5 Rxf2 26. Kxf2 Qd6 27. Be2 Nc5 28. Qb2
a3 29. Qa1 Nxe4+ 30. Kf1 f6 31. Nd3 Qxh2 32. Bf3 Nd2+ 33. Ke2 Nxf3 34. Kxf3 c5+
35. e4 g4+ 36. Kf2 Qh4+ 37. Kg1 g3 38. Nxc5 Qh2+ 39. Kf1 Qh1+ 40. Ke2 Qxg2+ 41.
Kd3 Bc6 42. Qd1 Ra5 43. Qxh5 Qxa2 44. e5 Qb2 45. exf6+ Kd8 46. Ne4 {...} 0-1

[Event "XXVII Coppa"]
[Site "Cagliari ITA"]
[Date "2000.11.26"]
[Round "7"]
[White "Sanfilippo, Carlo"]
[Black "Abis, Roberto"]
[Result "0-1"]
[WhiteElo "1617"]
[BlackElo "1623"]
[PlyCount "70"]
[EventDate "2000.11.18"]

1. e4 c5 2. Nf3 d6 3. d4 cxd4 4. c3 Nf6 5. Bd3 dxc3 6. Nxc3 Nbd7 7. Be3 g6 8.
Rc1 a6 9. Bc4 e6 10. O-O b5 11. Bxb5 Ng4 12. Bf4 e5 13. Nd5 axb5 14. Nc7+ Ke7
15. Nxa8 Nc5 16. Nxe5 Nxe5 17. Bxe5 dxe5 18. Qf3 Ke8 19. Rfd1 Bd7 20. b4 Qxa8
21. bxc5 Qc6 22. Qc3 f6 23. Rd2 Be7 24. Rcd1 Be6 25. Qa5 Kf7 26. Rd6 Qxc5 27.
R6d2 Qc6 28. Rb2 Bc4 29. Qe1 Ra8 30. Rc1 Ba3 31. Qc3 Bxb2 32. Qxb2 Qxe4 33. Qd2
Qd4 34. Qh6 Kg8 35. h4 Rxa2 0-1

[Event "XXVII Coppa"]
[Site "Cagliari ITA"]
[Date "2000.11.26"]
[Round "7"]
[White "Seu, Fabio"]
[Black "Lai, Luca"]
[Result "0-1"]
[WhiteElo "1419"]
[BlackElo "1470"]
[PlyCount "102"]
[EventDate "2000.11.18"]

1. e4 e5 2. Nf3 Nc6 3. Bb5 Bc5 4. c3 Nf6 5. O-O d6 6. h3 O-O 7. Re1 a6 8. Ba4
d5 9. exd5 Nxd5 10. Nxe5 Nxe5 11. Rxe5 Bxf2+ 12. Kh1 Qd6 13. d4 c5 14. Qf3 Nxc3
15. bxc3 cxd4 16. Rd5 Qe6 17. Bd2 b5 18. Bb3 Bb7 19. Rf5 Bxf3 20. Bxe6 fxe6 21.
Rxf3 Rxf3 22. gxf3 e5 23. Kg2 Bh4 24. cxd4 exd4 25. Na3 Re8 26. Kf1 d3 27. Rd1
Re2 28. Be1 Bxe1 29. Rxe1 Rxa2 30. Nb1 b4 31. Rd1 Rb2 32. Nd2 Rc2 33. Kf2 b3
34. Ke3 b2 35. Kxd3 Rc1 36. Ke2 a5 37. Nb1 a4 38. Kd2 Rxb1 39. Rxb1 a3 40. Rxb2
axb2 41. Kc2 Kf7 42. Kxb2 Kf6 43. Kc3 Kf5 44. Kd4 Kf4 45. Kd5 g5 46. Ke6 h5 47.
Kf6 h4 48. Kg6 Kxf3 49. Kxg5 Kg3 50. Kf5 Kxh3 51. Kf4 Kg2 0-1

[Event "XXVII Coppa"]
[Site "Cagliari ITA"]
[Date "2000.11.26"]
[Round "7"]
[White "Sitzia, Carlo"]
[Black "Collu, Silvano"]
[Result "1-0"]
[WhiteElo "1482"]
[BlackElo "1452"]
[PlyCount "75"]
[EventDate "2000.11.18"]

1. e4 c5 2. c3 d6 3. d4 cxd4 4. cxd4 Nf6 5. Nc3 g6 6. Nf3 Bg4 7. Be2 Bg7 8. Be3
Nc6 9. a3 O-O 10. O-O Re8 11. h3 Bxf3 12. Bxf3 Rc8 13. Rc1 a6 14. b4 b5 15. Bf4
Qb6 16. Be3 Qd8 17. Bf4 e5 18. dxe5 Nxe5 19. Be2 Nc4 20. Bxc4 Rxc4 21. Qxd6
Qxd6 22. Bxd6 Nxe4 23. Nxe4 Rexe4 24. Rxc4 Rxc4 25. Re1 Rc8 26. Bc5 Bb2 27. Re3
a5 28. Rb3 Bg7 29. Bb6 Rc1+ 30. Kh2 Be5+ 31. g3 a4 32. Re3 Bb2 33. Re8+ Kg7 34.
Re3 Rc3 35. Bd4+ f6 36. Bxc3 Bxa3 37. Re7+ Kh6 38. Rb7 1-0

[Event "XXVII Coppa"]
[Site "Cagliari ITA"]
[Date "2000.11.26"]
[Round "7"]
[White "Unterreitmeir, Max"]
[Black "Sforza, Franco"]
[Result "1-0"]
[WhiteElo "1563"]
[BlackElo "1567"]
[PlyCount "77"]
[EventDate "2000.11.18"]

1. e4 e6 2. d4 d5 3. e5 c5 4. c3 Nc6 5. Bb5 Bd7 6. Ne2 a6 7. Ba4 b5 8. Bc2 cxd4
9. cxd4 Bb4+ 10. Nbc3 Nge7 11. O-O O-O 12. Be3 Ng6 13. Nf4 Nce7 14. Nxg6 Nxg6
15. f4 f5 16. Rf3 Rc8 17. Bd2 Rf7 18. Rh3 Nf8 19. a3 Be7 20. Qe2 Qb6 21. Qd3 g6
22. Kh1 Rc4 23. Ne2 Qc7 24. Bb3 Rc6 25. Rg1 Rg7 26. g4 fxg4 27. Rxg4 Qc8 28.
Rg1 Be8 29. Ng3 Bf7 30. f5 exf5 31. Bh6 f4 32. Nf5 Qxf5 33. Qxf5 gxf5 34. Rxg7+
Kh8 35. Rxf7 Ng6 36. Bg7+ Kg8 37. Bxd5 Rc1+ 38. Kg2 Rc2+ 39. Kf3 1-0